NBA Top 1000 PSP of the 2010s - Statistics

General Stats
  • This quiz has been taken 117 times
    89 since last reset
  • The average score is 330 of 1000
Answer Stats
Rk Player PSP Team Pos PSPPG % Correct
1 LeBron James 47535 CLE,MIA,LAL SF,PF 52.52
98%
53 David West 18384 NOH,IND,SAS,GSW PF,C 24.54
96%
485 Delonte West 2697 CLE,BOS,DAL SG,PG 17.74
96%
4 James Harden 38524 OKC,HOU SG,PG 43.73
96%
3 Kevin Durant 38902 OKC,GSW SF,PF 46.65
96%
973 Mario West 154 ATL,NJN SG 2.96
96%
2 Russell Westbrook 42397 OKC PG 50.65
96%
5 Stephen Curry 35168 GSW PG 43.63
94%
889 Brandon Paul 324 SAS SG 4.98
92%
6 Chris Paul 32281 NOH,LAC,HOU PG 43.92
92%
451 Seth Curry 3107 CLE,MEM,PHO,SAC,DAL,POR PG,SG 14.94
92%
813 Bernard James 521 DAL C 5.48
90%
11 Blake Griffin 26957 LAC,DET PF 41.03
90%
855 Damion James 376 NJN,BRK,SAS SF 9.64
90%
825 Devean George 471 GSW SF 10.47
90%
717 Mike James 867 WAS,CHI,DAL PG 12.21
90%
753 Mike P. James 713 NOP,PHO PG 19.81
90%
19 Paul George 24043 IND,OKC SG,SF 35.36
90%
10 John Wall 27100 WAS PG 44.43
88%
13 Marc Gasol 26062 MEM,TOR C 32.74
88%
20 Pau Gasol 23992 LAL,CHI,SAS,MIL C,PF 33.23
88%
14 Damian Lillard 25043 POR PG 41.74
86%
8 Dwyane Wade 28108 MIA,CHI,CLE SG 36.22
86%
413 Hollis Thompson 3697 PHI,NOP SF,SG 13.95
86%
191 Jason Thompson 9272 SAC,GSW,TOR C,PF 17.97
86%
31 Klay Thompson 21437 GSW SG 29.05
86%
113 Tristan Thompson 13133 CLE PF,C 20.52
86%
16 Carmelo Anthony 24784 DEN,NYK,OKC,HOU SF,PF 38.01
84%
121 Danny Green 12786 CLE,SAS,TOR SG 17.19
84%
12 DeMar DeRozan 26231 TOR,SAS SG 32.38
84%
27 Dirk Nowitzki 22293 DAL PF,C 30.50
84%
44 Draymond Green 19579 GSW SF,PF 29.85
84%
15 Dwight Howard 25039 ORL,LAL,HOU,ATL,CHO,WAS C 36.03
84%
903 Erick Green 293 DEN,UTA PG 5.63
84%
227 Gerald Green 8155 NJN,IND,PHO,MIA,BOS,HOU SF,SG 15.13
84%
325 JaMychal Green 5461 MEM,SAS,LAC PF 17.07
84%
80 Jeff Green 16269 OKC,BOS,MEM,LAC,ORL,CLE,WAS PF,SF 21.35
84%
464 Joel Anthony 2972 MIA,BOS,DET,SAS C 6.45
84%
581 Josh Howard 1839 DAL,WAS,UTA,MIN SF 16.57
84%
628 Juwan Howard 1490 POR,MIA C,PF 7.80
84%
367 Willie Green 4578 PHI,NOH,ATL,LAC,ORL SG 11.42
84%
21 Al Horford 23831 ATL,BOS C 32.12
82%
37 DeAndre Jordan 20894 LAC,DAL,NYK C 25.39
82%
854 Jerome Jordan 382 NYK,BRK C 5.70
82%
9 Kyle Lowry 27145 HOU,TOR PG 35.72
82%
7 LaMarcus Aldridge 28419 POR,SAS PF,C 35.70
82%
22 DeMarcus Cousins 23452 SAC,NOP,GSW C 40.93
80%
60 Derrick Rose 17762 CHI,NYK,CLE,MIN PG 35.24
80%
25 Kevin Love 23198 MIN,CLE PF,C 36.30
80%
23 Mike Conley 23274 MEM PG 32.83
80%
107 Amir Johnson 13481 TOR,BOS,PHI PF,C 17.33
78%
40 Anthony Davis 20353 NOH,NOP PF,C 42.49
78%
890 Anthony Johnson 322 ORL PG 10.06
78%
429 Anthony Parker 3499 CLE SG,SF 16.27
78%
883 Armon Johnson 330 POR,NJN PG 6.73
78%
342 Baron Davis 5181 LAC,CLE,NYK PG 31.21
78%
833 Chris Johnson 436 BOS,POR,NOH,MIN C 5.81
78%
656 Christapher Johnson 1251 MEM,BOS,MIL,PHI,UTA SF 8.51
78%
698 Deyonta Davis 988 MEM,ATL C 8.98
78%
158 Ed Davis 10658 TOR,MEM,LAL,POR,BRK PF,C 15.84
78%
48 Giannis Antetokounmpo 19159 MIL SF,SG,PG,PF 38.39
78%
265 Glen Davis 6901 BOS,ORL,LAC PF,C 15.90
78%
604 Ivan Johnson 1689 ATL PF 12.42
78%
279 Jabari Parker 6654 MIL,CHI,WAS PF 26.20
78%
943 JaJuan Johnson 203 BOS PF 5.64
78%
156 James Johnson 10772 CHI,TOR,SAC,MEM,MIA PF,SF 17.21
78%
46 Joe Johnson 19460 ATL,BRK,MIA,UTA,HOU SG,SF 26.30
78%
52 Kawhi Leonard 18391 SAS,TOR SF 31.82
78%
55 Kobe Bryant 18255 LAL SG,SF 41.21
78%
28 Kyrie Irving 22134 CLE,BOS PG 38.90
78%
962 Nick Johnson 170 HOU SG 4.59
78%
759 Orlando Johnson 696 IND,SAC,NOP,PHO SG 6.05
78%
894 Ricky Davis 307 LAC SF 8.53
78%
384 Stanley Johnson 4174 DET,NOP SF 14.44
78%
51 Tim Duncan 18690 SAS C 32.00
78%
30 Tony Parker 21622 SAS,CHO PG 28.98
78%
316 Tyler Johnson 5728 MIA,PHO SG,PG 20.46
78%
220 Wesley Johnson 8366 MIN,PHO,LAL,LAC,NOP,WAS SG,SF 13.54
78%
707 Alan Williams 937 PHO,BRK PF,C 13.99
76%
238 Caron Butler 7881 DAL,WAS,LAC,MIL,OKC,DET,SAC SG,SF 18.12
76%
824 C.J. Williams 472 LAC,MIN SG 8.91
76%
568 Craig Smith 1883 LAC,POR PF 11.08
76%
425 Dennis Smith Jr. 3581 DAL,NYK PG 29.35
76%
36 Deron Williams 21005 UTA,NJN,BRK,DAL,CLE PG 35.54
76%
286 Derrick Williams 6428 MIN,SAC,NYK,CLE,MIA,LAL PF,SF 14.74
76%
514 Dorian Finney-Smith 2339 DAL PF,SF 12.78
76%
706 Elliot Williams 937 POR,PHI,NOP,UTA,MEM SG,PG 8.60
76%
172 Ish Smith 9986 HOU,MEM,GSW,ORL,MIL,PHO,OKC,PHI,NOP,DET PG 17.96
76%
271 Jason Smith 6814 PHI,NOH,NOP,NYK,ORL,WAS,MIL PF,C 12.17
76%
617 Jason Williams 1569 ORL,MEM PG 12.76
76%
788 Jawad Williams 600 CLE PG,SF 7.23
76%
61 Jimmy Butler 17725 CHI,MIN,PHI SG,SF 30.67
76%
828 Joe Smith 463 ATL,LAL,NJN PF 5.14
76%
900 Johnathan Williams 297 LAL C 12.38
76%
841 Jordan Williams 411 NJN C 9.56
76%
54 Josh Smith 18276 ATL,DET,HOU,LAC,NOP PF,SF 31.90
76%
83 J.R. Smith 15771 DEN,NYK,CLE SG,SF 21.66
76%
652 JuJu Smith 1293 HOU,DAL,MIN C,PF 8.34
76%
748 Kenrich Williams 728 NOP SF 15.83
76%
47 Lou Williams 19392 PHI,ATL,TOR,LAL,HOU,LAC PG,SG 26.56
76%
751 Marcus Williams 717 MEM PG 11.56
76%
97 Marvin Williams 14172 ATL,UTA,CHO SF,PF 18.50
76%
209 Michael Carter-Williams 8661 PHI,MIL,CHI,CHO,HOU,ORL PG 26.17
76%
146 Mo Williams 11268 CLE,LAC,UTA,POR,CHO,MIN PG,SG 24.98
76%
795 Nolan Smith 583 POR PG 6.94
76%
417 Rasual Butler 3638 LAC,CHI,TOR,IND,WAS,SAS SF,SG 10.39
76%
475 Reggie L. Williams 2794 GSW,CHA,OKC,SAS,NOP SF 13.56
76%
928 Robert Williams 236 BOS C 6.74
76%
937 Sean Williams 215 NJN,BOS,DAL PF,C 6.52
76%
519 Shawne Williams 2294 NYK,NJN,LAL,DET,MIA PF,SF 11.95
76%
571 Shelden Williams 1874 BOS,DEN,NYK,NJN PF,C 10.47
76%
500 Terrence Williams 2488 NJN,HOU,SAC,BOS SF,SG 15.75
76%
730 Troy Williams 813 HOU,MEM,NYK,SAC SF 10.56
76%
800 Aaron Holiday 574 IND PG 10.83
73%
66 Bradley Beal 17464 WAS SG 33.08
73%
74 Chris Bosh 16685 TOR,MIA C,PF 31.36
73%
586 Henry Walker 1804 BOS,NYK,MIA SF,SG 11.56
73%
24 Jrue Holiday 23260 PHI,NOP PG,SG 34.11
73%
327 Justin Holiday 5435 PHI,GSW,ATL,CHI,NYK,MEM SG 15.01
73%
26 Kemba Walker 22375 CHA,CHO PG 36.32
73%
363 Meyers Leonard 4775 POR C,PF 11.42
73%
126 Nikola Jokic 12482 DEN C 38.76
73%
17 Rajon Rondo 24436 BOS,DAL,SAC,CHI,NOP,LAL PG 37.31
73%
35 Andre Iguodala 21018 PHI,DEN,GSW SF,SG 25.26
71%
752 Elijah Millsap 716 UTA,PHO SG 10.38
71%
925 Etan Thomas 242 OKC,ATL C 6.21
71%
77 Isaiah Thomas 16631 SAC,BOS,PHO,CLE,LAL,DEN PG,SG 32.61
71%
959 Kenny Thomas 177 SAC PF 6.81
71%
998 Khyri Thomas 127 DET SG 4.38
71%
520 Kurt Thomas 2293 MIL,CHI,POR,NYK C,PF 10.06
71%
407 Lance Thomas 3757 NOH,NOP,NYK,OKC PF,SF 9.58
71%
935 Malcolm Thomas 220 SAS,CHI,GSW,UTA,PHI PF 5.12
71%
69 Manu Ginobili 16941 SAS SG 24.55
71%
163 Patty Mills 10499 POR,SAS PG 15.11
71%
18 Paul Millsap 24289 UTA,ATL,DEN PF 31.46
71%
621 Thomas Bryant 1542 LAL,WAS C 17.72
71%
936 Tim Thomas 216 DAL SF 12.00
71%
471 Tyrus Thomas 2893 CHA,CHI,MEM C,PF 15.98
71%
241 Joel Embiid 7842 PHI C 44.31
69%
142 Steve Nash 11401 PHO,LAL PG 37.88
69%
895 Grayson Allen 306 UTA SG 7.65
67%
442 Jarrett Allen 3234 BRK C 20.60
67%
98 Jarrett Jack 14038 TOR,NOH,GSW,CLE,BRK,NOP,NYK PG,SG 24.67
67%
826 Kadeem Allen 471 BOS,NYK PG 12.73
67%
105 Karl-Anthony Towns 13594 MIN C 41.45
67%
352 Lavoy Allen 4992 PHI,IND PF,C 12.09
67%
893 Malik Allen 309 DEN,ORL PF 4.18
67%
175 Ray Allen 9854 BOS,MIA SG 21.80
67%
39 Rudy Gay 20356 MEM,TOR,SAC,SAS SF,PF 30.84
67%
162 Tony Allen 10540 BOS,MEM,NOP SG,SF 17.06
67%
56 Andre Drummond 18156 DET C 33.01
65%
877 Anthony Brown 345 LAL,NOP,ORL,MIN SF 8.41
65%
667 Anthony Carter 1181 DEN,NYK,TOR PG 10.18
65%
771 Bobby Brown 654 LAC,NOH,HOU PG 6.88
65%
736 Bruce Brown 790 DET SG 10.13
65%
853 Darnell Jackson 383 CLE,MIL,SAC PF 4.40
65%
608 Derrick Brown 1669 CHA,NYK SF 9.65
65%
761 Devin Brown 695 CHI,NOH SG 13.63
65%
734 Frank Jackson 794 NOP PG 13.02
65%
868 Jabari Brown 357 LAL SG 18.79
65%
650 Jaren Jackson Jr. 1332 MEM PF 22.97
65%
350 Jaylen Brown 5028 BOS SF,SG 18.90
65%
840 Jevon Carter 413 MEM PG 10.59
65%
75 JJ Redick 16670 ORL,MIL,LAC,PHI SG 21.18
65%
432 Josh Jackson 3469 PHO SF,SG 22.24
65%
576 Justin Jackson 1862 SAC,DAL SF 12.50
65%
584 Kwame Brown 1809 DET,CHA,GSW,PHI C 12.48
65%
713 Lorenzo Brown 906 PHI,MIN,PHO,TOR PG 8.47
65%
666 Markel Brown 1188 BRK,HOU SG 10.33
65%
78 Paul Pierce 16521 BOS,BRK,WAS,LAC SF 26.52
65%
92 Reggie Jackson 14476 OKC,DET PG 25.49
65%
362 Shannon Brown 4823 LAL,PHO,NYK,SAS,MIA SG 13.82
65%
542 Shaquille O'Neal 2095 CLE,BOS C 20.34
65%
264 Stephen Jackson 6985 CHA,GSW,MIL,SAS,LAC SG,PF,SF 25.22
65%
648 Sterling Brown 1343 MIL SG 10.66
65%
796 Troy Brown Jr. 579 WAS SF 11.13
65%
101 Vince Carter 13802 ORL,PHO,DAL,MEM,SAC,ATL SG,SF,PF 18.40
65%
696 Wendell Carter Jr. 1002 CHI C 22.77
65%
493 Anthony Randolph 2573 GSW,MIN,NYK,DEN C,PF 13.26
63%
43 Brook Lopez 19630 NJN,BRK,LAL,MIL C 29.61
63%
834 James Young 430 BOS,PHI SG 3.98
63%
29 Jeff Teague 22129 ATL,IND,MIN PG 28.26
63%
722 Joe Young 843 IND PG 6.39
63%
128 Kevin Garnett 12413 BOS,BRK,MIN PF,C 26.02
63%
774 Marquis Teague 650 CHI,BRK,MEM PG,SG 6.57
63%
32 Monta Ellis 21326 GSW,MIL,DAL,IND SG 33.96
63%
181 Nick Young 9578 WAS,LAC,PHI,LAL,GSW,DEN SG 16.12
63%
64 Nikola Vucevic 17573 PHI,ORL C 32.42
63%
106 Robin Lopez 13540 PHO,NOH,POR,NYK,CHI C 18.45
63%
478 Sam Young 2769 MEM,PHI,IND SF,SG 9.92
63%
38 Serge Ibaka 20642 OKC,ORL,TOR PF,C 23.30
63%
887 Shavlik Randolph 324 MIA,POR,BOS,PHO PF 5.59
63%
41 Thaddeus Young 20024 PHI,BRK,MIN,IND PF 25.31
63%
440 Trae Young 3243 ATL PG 40.04
63%
34 Zach Randolph 21123 MEM,SAC PF 31.43
63%
218 Aaron Gordon 8467 ORL PF,SF 24.47
61%
134 Andrew Wiggins 11966 MIN SF 29.55
61%
306 Ben Gordon 5961 DET,CHA,ORL SG 17.23
61%
525 Dejounte Murray 2231 SAS PG 16.53
61%
334 Domantas Sabonis 5283 OKC,IND PF,C 21.83
61%
295 Donovan Mitchell 6183 UTA SG 35.95
61%
85 Eric Gordon 15556 LAC,NOH,NOP,HOU SG 26.19
61%
216 Gorgui Dieng 8536 MIN C,PF 18.68
61%
274 Jamal Murray 6755 DEN SG,PG 26.81
61%
376 Jermaine O'Neal 4236 MIA,BOS,PHO,GSW C,PF 17.72
61%
82 Joakim Noah 15917 CHI,NYK,MEM C 28.12
61%
319 Kristaps Porzingis 5639 NYK PF 30.32
61%
896 Othyus Jeffers 302 UTA,SAS,WAS,MIN SG 7.02
61%
649 Ronald Murray 1338 CHA,CHI SG 16.73
61%
59 Al Jefferson 17784 MIN,UTA,CHA,CHO,IND C 29.74
59%
835 Cory Jefferson 430 BRK,PHO PF 7.41
59%
33 Goran Dragic 21142 PHO,HOU,MIA PG,SG 28.65
59%
70 Gordon Hayward 16876 UTA,BOS SF,PF 27.53
59%
110 Harrison Barnes 13364 GSW,DAL,SAC SF,PF 22.13
59%
845 Lazar Hayward 400 MIN,OKC SF 5.19
59%
136 Matt Barnes 11880 ORL,LAL,LAC,MEM,GSW,SAC SF 18.28
59%
197 Richard Jefferson 9042 SAS,GSW,UTA,DAL,CLE,DEN SF 13.46
59%
348 Rondae Hollis-Jefferson 5058 BRK SF 21.25
59%
131 Andre Miller 12069 POR,DEN,WAS,SAC,MIN,SAS PG,SG 22.77
57%
490 Brad Miller 2604 CHI,HOU,MIN C 16.07
57%
964 Bryce Dejean-Jones 169 NOP SG 12.07
57%
117 CJ McCollum 12866 POR SG 28.15
57%
120 Courtney Lee 12803 NJN,HOU,BOS,MEM,CHO,NYK,DAL SG 17.32
57%
448 Dahntay Jones 3144 IND,ATL,DAL,LAC,CLE SF,SG 8.98
57%
837 Damian Jones 420 GSW C 6.89
57%
801 Damion Lee 571 ATL,GSW SG 12.15
57%
469 Darius Miller 2900 NOH,NOP SF 11.07
57%
71 David Lee 16839 NYK,GSW,BOS,DAL,SAS C,PF 28.78
57%
361 De'Aaron Fox 4839 SAC PG 31.42
57%
842 DeQuan Jones 411 ORL SF 6.52
57%
654 Derrick Jones Jr. 1256 PHO,MIA SF 11.21
57%
763 Dominique Jones 687 DAL SG,PG 8.59
57%
912 Jalen Jones 266 DAL,NOP,CLE SF 8.31
57%
57 Jamal Crawford 18054 ATL,POR,LAC,MIN,PHO SG,PG 22.48
57%
470 James Jones 2899 MIA,CLE SF,SG 6.09
57%
200 Jason Kidd 8979 DAL,NYK PG,SG 27.46
57%
293 Jordan Crawford 6220 ATL,WAS,BOS,GSW,NOP SG,PG 21.16
57%
941 Kevin Jones 207 CLE PF 6.47
57%
99 Khris Middleton 13870 DET,MIL SG,SF 28.36
57%
100 Kyle Korver 13819 UTA,CHI,ATL,CLE SG,SF,PF 16.81
57%
79 Luol Deng 16318 CHI,CLE,MIA,LAL,MIN SF,PF 26.53
57%
878 Malcolm Lee 337 MIN,PHI SG 9.36
57%
329 Mike Miller 5381 WAS,MIA,MEM,CLE,DEN SG,SF 11.50
57%
201 Otto Porter Jr. 8862 WAS,CHI SF 20.61
57%
330 Pascal Siakam 5348 TOR PF 21.22
57%
704 Perry Jones 947 OKC SF,PF 6.11
57%
786 Quincy Miller 605 DEN,DET,SAC PF 8.77
57%
73 Ricky Rubio 16691 MIN,UTA PG 32.79
57%
137 Rudy Gobert 11753 UTA C 27.27
57%
689 Solomon Jones 1017 IND,LAC,NOH,NYK,ORL C,PF 8.14
57%
347 Terrence Jones 5098 HOU,MIL,NOP PF 19.68
57%
426 Tyus Jones 3579 MIN PG 14.26
57%
243 Ben Simmons 7755 PHI PG 42.61
55%
488 Ben Wallace 2652 DET C 14.34
55%
836 Bobby Simmons 424 NJN,SAS,LAC PF,SF 7.44
55%
579 Derrick White 1846 SAS PG 19.64
55%
641 D.J. White 1391 OKC,CHA,BOS PF,C 10.54
55%
65 George Hill 17559 SAS,IND,UTA,CLE,SAC,MIL PG 23.04
55%
189 Gerald Wallace 9358 CHA,POR,NJN,BRK,BOS SF,PF 24.50
55%
339 Grant Hill 5252 PHO,LAC SF 20.52
55%
917 James White 254 NYK SF 4.16
55%
375 Jonathon Simmons 4263 SAS,ORL,PHI SG,SF 15.06
55%
268 Jordan Hill 6868 HOU,NYK,LAL,IND,MIN PF,C 16.01
55%
844 Kobi Simmons 405 MEM,CLE PG 12.27
55%
457 Luka Doncic 3049 DAL SG 42.35
55%
905 Okaro White 281 MIA,WAS PF 6.39
55%
570 Rasheed Wallace 1874 BOS,NYK C 15.11
55%
561 Shai Gilgeous-Alexander 1949 LAC PG 22.15
55%
383 Solomon Hill 4194 IND,NOP SF 13.02
55%
688 Tyrone Wallace 1020 LAC PG 10.85
55%
111 Tyson Chandler 13355 CHA,DAL,NYK,PHO,LAL C 20.74
55%
125 Wilson Chandler 12497 NYK,DEN,LAC,PHI SG,SF,PF 23.19
55%
403 Alan Anderson 3804 TOR,BRK,WAS,LAC SF,SG 12.89
53%
94 Carlos Boozer 14369 UTA,CHI,LAL PF,C 30.06
53%
565 Cartier Martin 1910 GSW,WAS,ATL,CHI,DET SF 8.97
53%
188 Devin Booker 9360 PHO SG 34.41
53%
479 James Anderson 2769 SAS,HOU,PHI,SAC SF,SG 10.77
53%
549 Jarell Martin 2048 MEM,ORL PF 10.67
53%
133 Jeremy Lin 12037 GSW,NYK,HOU,LAL,CHO,BRK,ATL,TOR PG,SG 23.84
53%
523 Justin Anderson 2265 DAL,PHI,ATL SF 9.93
53%
371 Kenyon Martin 4392 DEN,LAC,NYK,MIL PF,C 18.07
53%
160 Kevin Martin 10571 HOU,SAC,OKC,MIN,SAS SG 25.11
53%
366 Kyle Anderson 4684 SAS,MEM SF 14.19
53%
42 Nicolas Batum 20021 POR,CHO SF,SG 27.77
53%
123 Ryan Anderson 12675 ORL,NOH,NOP,HOU,MIA,PHO PF 20.22
53%
217 Trevor Booker 8509 WAS,UTA,BRK,IND,PHI PF 15.53
53%
230 Zach LaVine 8057 MIN,CHI PG,SG 27.50
53%
398 Andre Roberson 3926 OKC SG,SF 12.27
51%
421 Brandon Roy 3613 POR,MIN SG 28.67
51%
62 Eric Bledsoe 17700 LAC,PHO,MIL PG 29.06
51%
578 Glenn Robinson III 1848 MIN,PHI,IND,DET SG,SF 8.00
51%
135 Jason Terry 11907 DAL,BOS,BRK,HOU,MIL SG,PG 17.56
51%
891 Jaylen Adams 317 ATL PG 9.32
51%
924 Jerome Robinson 245 LAC SG 6.45
51%
942 Jordan Adams 204 MEM SG 5.67
51%
665 Mitchell Robinson 1195 NYK C 18.11
51%
269 Nate Robinson 6866 BOS,NYK,OKC,GSW,CHI,DEN,LAC,NOP PG 18.66
51%
157 Steven Adams 10708 OKC C 20.63
51%
405 Thomas Robinson 3769 HOU,SAC,POR,PHI,BRK,LAL PF 11.63
51%
132 Amar'e Stoudemire 12050 PHO,NYK,DAL,MIA PF,C 26.54
49%
267 Andrew Bynum 6891 LAL,CLE,IND C 27.56
49%
360 Brandon Ingram 4869 LAL SF 25.63
49%
733 Chasson Randle 797 NYK,PHI,WAS PG 10.63
49%
296 Chauncey Billups 6166 DEN,NYK,LAC,DET PG,SG 28.16
49%
682 Darius Morris 1070 LAL,LAC,MEM,PHI,BRK PG 7.59
49%
103 Devin Harris 13651 NJN,UTA,ATL,DAL,DEN PG,SG 20.50
49%
72 Evan Turner 16707 PHI,IND,BOS,POR SG,SF,PG 22.31
49%
272 Gary Harris 6790 DEN SG 20.83
49%
999 Jacob Evans 127 GSW SG 3.43
49%
790 Jawun Evans 598 LAC,OKC,PHO PG 10.68
49%
356 Jayson Tatum 4927 BOS SF 26.35
49%
559 Jeremy Evans 1953 UTA,DAL,ATL SF,PF 7.75
49%
379 Joe Harris 4220 CLE,BRK SG 15.46
49%
180 Julius Randle 9584 LAL,NOP PF,C 30.82
49%
232 Jusuf Nurkic 8047 DEN,POR C 25.55
49%
455 Lonzo Ball 3085 LAL PG 31.16
49%
672 Manny Harris 1148 CLE,LAL,DAL SG 12.34
49%
58 Marcin Gortat 17922 ORL,PHO,WAS,LAC C 22.66
49%
138 Marcus Morris 11706 HOU,PHO,DET,BOS PF,SF 20.29
49%
112 Markieff Morris 13214 PHO,WAS,OKC PF 21.91
49%
597 Maurice Evans 1733 ATL,WAS SF 9.27
49%
247 Metta World Peace 7613 LAL,NYK SF 17.79
49%
931 Mike Harris 231 HOU,WAS,UTA PF 6.24
49%
563 Monte Morris 1917 DEN PG 19.36
49%
252 Myles Turner 7399 IND C 24.50
49%
386 Reggie Evans 4157 TOR,LAC,BRK,SAC PF 13.28
49%
910 Terrel Harris 266 MIA,NOH SG 5.78
49%
88 Tobias Harris 14944 MIL,ORL,DET,LAC,PHI SF,PF 26.59
49%
49 Tyreke Evans 18921 SAC,NOP,MEM,IND SG,SF,PG 31.43
49%
340 Will Bynum 5222 DET,WAS PG,SG 17.95
49%
767 Acie Law 672 CHA,CHI,GSW,MEM PG 8.73
47%
141 Andrew Bogut 11514 MIL,GSW,CLE,DAL,LAL C 22.31
47%
68 Brandon Jennings 16965 MIL,DET,ORL,NYK,WAS PG 29.25
47%
205 D'Angelo Russell 8795 LAL,BRK PG 31.75
47%
45 Darren Collison 19523 NOH,IND,DAL,LAC,SAC PG 26.10
47%
313 Derek Fisher 5762 LAL,OKC,DAL PG,SG 13.59
47%
124 Jonas Valanciunas 12611 TOR,MEM C 23.70
47%
206 Marcus Smart 8789 BOS PG,SG 22.77
47%
116 Mario Chalmers 12930 MIA,MEM PG 19.71
47%
686 Michael Redd 1021 MIL,PHO SG 12.92
47%
633 Mikal Bridges 1461 PHO SF 17.82
47%
662 Miles Bridges 1214 CHO SF 15.18
47%
275 Nick Collison 6743 OKC C,PF 11.04
47%
76 Ty Lawson 16653 DEN,HOU,IND,SAC,WAS PG 28.37
47%
922 Walker Russell Jr. 245 DET PG 8.75
47%
754 Allen Iverson 711 MEM,PHI PG,SG 25.39
45%
390 Brian Roberts 4089 NOH,NOP,CHO,POR PG 12.62
45%
508 Chris Douglas-Roberts 2395 NJN,MIL,DAL,CHA,LAC SF,SG 13.16
45%
91 Danilo Gallinari 14494 NYK,DEN,LAC SF,PF 26.89
45%
522 Deandre Ayton 2266 PHO C 31.92
45%
166 Elfrid Payton 10340 ORL,PHO,NOP PG 30.23
45%
414 Fred VanVleet 3691 TOR PG 17.25
45%
301 Gary Neal 6053 SAS,CHA,MIL,CHO,MIN,WAS,ATL SG 15.25
45%
916 Gary Payton II 255 MIL,LAL,WAS PG 7.97
45%
155 P.J. Tucker 10836 PHO,TOR,HOU SG,SF,PF 17.97
45%
481 Tracy McGrady 2756 HOU,NYK,DET,ATL,SAS SG,SF 16.60
45%
109 Victor Oladipo 13377 ORL,OKC,IND PG,SG 32.31
45%
460 Bam Adebayo 3002 MIA C 19.24
43%
213 Clint Capela 8609 HOU C 24.18
43%
63 Greg Monroe 17641 DET,MIL,BOS,PHO,PHI,TOR C,PF 26.77
43%
89 Jameer Nelson 14836 ORL,BOS,DAL,DEN,DET,NOP PG 25.85
43%
281 Jerami Grant 6595 PHI,OKC SF,PF 16.53
43%
391 Jerian Grant 4064 NYK,CHI,ORL PG 14.46
43%
358 Rashard Lewis 4881 ORL,WAS,MIA PF,SF 15.50
43%
93 Roy Hibbert 14375 IND,LAL,CHO,DEN C 22.25
43%
387 Taurean Prince 4141 ATL SF 20.50
43%
198 Tayshaun Prince 9038 DET,MEM,BOS,MIN SF 17.90
43%
67 Wesley Matthews 17027 UTA,POR,DAL,IND,NYK SG,SF 22.40
43%
355 Bobby Portis 4943 CHI,WAS PF 19.38
41%
114 Boris Diaw 13043 CHA,SAS,UTA PF 18.93
41%
225 Danny Granger 8219 IND,LAC,MIA SF 26.69
41%
276 Jason Richardson 6720 PHO,ORL,PHI SG 23.09
41%
294 Josh Richardson 6217 MIA SG,SF 22.36
41%
258 Kendrick Perkins 7268 BOS,OKC,CLE,NOP C 14.09
41%
150 Lance Stephenson 11164 IND,CHO,LAC,MEM,MIN,NOP,LAL SG,SF 19.76
41%
882 Malachi Richardson 334 SAC,TOR SG 4.77
41%
498 Quentin Richardson 2509 MIA,ORL,NYK SF 12.36
41%
81 Raymond Felton 15991 CHA,DEN,NYK,POR,DAL,LAC,OKC PG,SG 22.88
41%
821 Tony Battie 485 NJN,PHI C 5.71
41%
50 Trevor Ariza 18888 HOU,NOH,WAS,PHO SF 24.63
41%
308 Udonis Haslem 5870 MIA PF,C 11.72
41%
145 Brandon Knight 11269 DET,MIL,PHO,CLE,HOU PG,SG 26.77
39%
309 Buddy Hield 5835 NOP,SAC SG 23.91
39%
452 Daniel Gibson 3106 CLE PG,SG 14.86
39%
130 Dennis Schroder 12236 ATL,OKC PG 26.03
39%
168 Hassan Whiteside 10245 SAC,MIA C 28.62
39%
930 Jonathan Gibson 233 DAL,BOS PG 11.10
39%
550 Josh Hart 2045 LAL SG 15.73
39%
185 Kentavious Caldwell-Pope 9437 DET,LAL SG 19.91
39%
84 Taj Gibson 15727 CHI,OKC,MIN PF 19.59
39%
170 Thabo Sefolosha 10011 OKC,ATL,UTA SG,SF 14.12
39%
952 Daniel Hamilton 189 OKC,ATL SG 7.56
37%
497 Earl Clark 2523 PHO,ORL,LAL,CLE,NYK,BRK PF,SF 9.14
37%
167 Evan Fournier 10272 DEN,ORL SG,SF 22.04
37%
874 Gary Clark 347 HOU PF 6.55
37%
420 Ian Clark 3620 UTA,DEN,GSW,NOP SG 9.76
37%
947 Jarron Collins 196 PHO,LAC,POR C 2.68
37%
758 Jason Collins 701 ATL,BOS,WAS,BRK C 3.83
37%
411 John Collins 3727 ATL PF 27.61
37%
184 Jordan Clarkson 9461 LAL,CLE PG,SG 23.59
37%
606 Jordan Hamilton 1685 DEN,HOU,LAC,NOP SF 10.94
37%
640 Justin Hamilton 1406 CHA,MIA,MIN,BRK C 12.44
37%
908 Mardy Collins 273 LAC SG 6.35
37%
96 Nene 14214 DEN,WAS,HOU C,PF 21.80
37%
374 Richard Hamilton 4267 DET,CHI SG 22.58
37%
921 Sean May 246 SAC C 6.65
37%
169 Shawn Marion 10031 DAL,CLE SF,PF 21.71
37%
496 Tarik Black 2538 HOU,LAL C 11.18
37%
223 Tim Hardaway Jr. 8251 NYK,ATL,DAL SG 19.74
37%
553 Zach Collins 2014 POR C 12.36
37%
177 Aaron Brooks 9714 HOU,PHO,SAC,DEN,CHI,IND,MIN PG 18.16
35%
598 Dillon Brooks 1727 MEM SF 17.27
35%
351 Dwight Powell 5006 BOS,DAL PF,C 14.85
35%
207 Elton Brand 8763 PHI,DAL,ATL PF,C 19.78
35%
445 Gilbert Arenas 3180 WAS,ORL,MEM PG 24.46
35%
726 Josh Powell 831 LAL,ATL,HOU PF 5.94
35%
202 Kirk Hinrich 8855 CHI,ATL,WAS SG,PG 18.41
35%
246 Lamar Odom 7680 LAL,DAL,LAC PF,SF 22.93
35%
838 Leon Powe 415 CLE,MEM SF,PF,C 7.28
35%
547 Malik Beasley 2049 DEN SG 11.45
35%
1000 Marcus Georges-Hunt 126 ORL,MIN SG 2.57
35%
480 MarShon Brooks 2761 NJN,BRK,BOS,GSW,LAL,MEM SG 13.34
35%
152 Michael Beasley 11078 MIA,MIN,PHO,HOU,MIL,NYK,LAL PF,SF 20.29
35%
408 Norman Powell 3752 TOR SG 12.06
35%
261 Alex Len 7145 PHO,ATL C 17.34
33%
118 Al-Farouq Aminu 12853 LAC,NOH,NOP,DAL,POR SF,PF 18.10
33%
212 Austin Rivers 8638 NOH,NOP,LAC,HOU,WAS SG,PG 16.71
33%
219 Bismack Biyombo 8452 CHA,CHO,TOR,ORL C 13.95
33%
536 Collin Sexton 2143 CLE PG 26.13
33%
127 Corey Brewer 12440 MIN,DAL,DEN,HOU,LAL,OKC,PHI,SAC SG,SF 16.22
33%
291 Emeka Okafor 6269 NOH,WAS,NOP C 21.40
33%
410 Jahlil Okafor 3732 PHI,BRK,NOP C 19.64
33%
179 JaVale McGee 9640 WAS,DEN,PHI,DAL,GSW,LAL C 16.01
33%
95 J.J. Barea 14342 DAL,MIN PG 21.03
33%
196 Kelly Olynyk 9047 BOS,MIA C,PF 19.50
33%
381 Kyle Kuzma 4203 LAL PF 28.59
33%
349 Malcolm Brogdon 5033 MIL SG,PG 24.31
33%
235 Robert Covington 7974 HOU,PHI,MIN SF 23.73
33%
392 Ronnie Brewer 4051 MEM,UTA,CHI,NYK,OKC,HOU SG,SF 13.03
33%
310 Shane Battier 5807 HOU,MEM,MIA SG,SF 13.41
33%
236 Andrea Bargnani 7951 TOR,NYK,BRK PF,C 24.17
31%
328 Andrei Kirilenko 5392 UTA,MIN,BRK SF,PF 21.57
31%
257 Antawn Jamison 7310 CLE,WAS,LAL,LAC PF 24.37
31%
149 Avery Bradley 11167 BOS,DET,LAC,MEM PG,SG 19.91
31%
154 Chandler Parsons 10883 HOU,DAL,MEM SF 24.29
31%
148 C.J. Miles 11192 UTA,CLE,IND,TOR,MEM SF,SG 16.53
31%
87 Derrick Favors 15178 NJN,UTA PF,C 22.89
31%
164 Gerald Henderson Jr. 10494 CHA,CHO,POR,PHI SG 19.08
31%
647 Jalen Brunson 1348 DAL PG 18.47
31%
869 Jared Cunningham 354 DAL,ATL,SAC,LAC,CLE,MIL SG 4.21
31%
102 Jose Calderon 13703 TOR,DET,DAL,NYK,ATL,LAL,CLE PG 21.65
31%
433 Lauri Markkanen 3442 CHI PF 28.68
31%
108 Luis Scola 13399 HOU,PHO,IND,TOR,BRK PF 22.04
31%
147 O.J. Mayo 11252 MEM,DAL,MIL SG 22.92
31%
143 Shaun Livingston 11341 OKC,WAS,CHA,MIL,CLE,BRK,GSW PG,SG 14.36
31%
318 Terry Rozier 5651 BOS PG 17.55
31%
273 Tiago Splitter 6788 SAS,ATL,PHI C,PF 16.16
31%
140 Zaza Pachulia 11551 ATL,MIL,DAL,GSW,DET C 15.76
31%
961 Aaron Harrison 171 CHO,DAL SG 4.62
29%
515 Andrew Harrison 2321 MEM,CLE,NOP PG 15.37
29%
805 Chris Hunter 559 GSW C 9.32
29%
277 Cody Zeller 6690 CHA,CHO C 17.98
29%
208 Dante Cunningham 8741 POR,CHA,MEM,MIN,NOP,BRK,SAS PF,SF 11.88
29%
541 DeShawn Stevenson 2100 DAL,WAS,NJN,ATL SG,SF 7.78
29%
772 Greg Oden 652 POR,MIA C 13.87
29%
161 Jae Crowder 10551 DAL,BOS,CLE,UTA SF 17.76
29%
222 Joe Ingles 8333 UTA SF,PF 19.24
29%
144 Kenneth Faried 11313 DEN,BRK,HOU PF,C 22.81
29%
283 Leandro Barbosa 6538 PHO,TOR,IND,BOS,GSW PG,SG 13.10
29%
359 Marcus Camby 4880 LAC,POR,HOU,NYK PF,C 21.13
29%
775 Markelle Fultz 650 PHI SG 18.06
29%
972 Marshall Plumlee 155 NYK,MIL C 5.34
29%
614 Marvin Bagley III 1610 SAC PF 25.97
29%
165 Mason Plumlee 10447 BRK,POR,DEN C 20.40
29%
280 Matthew Dellavedova 6611 CLE,MIL SG,PG 15.41
29%
402 Mike Bibby 3855 ATL,MIA,WAS,NYK PG 16.40
29%
393 Miles Plumlee 4036 IND,PHO,MIL,CHO,ATL C 11.63
29%
427 Nazr Mohammed 3544 CHA,OKC,CHI C 8.54
29%
572 Peja Stojakovic 1870 NOH,DAL,TOR SF 16.40
29%
915 R.J. Hunter 257 BOS,CHI,HOU SG 5.14
29%
634 Shaquille Harrison 1449 PHO,CHI PG,SG 15.09
29%
305 Tyler Zeller 5971 CLE,BOS,BRK,MIL,ATL,MEM C 13.66
29%
573 Zydrunas Ilgauskas 1868 CLE,MIA C 12.29
29%
423 Bogdan Bogdanovic 3598 SAC SG 24.31
27%
214 Bojan Bogdanovic 8585 BRK,WAS,IND SF 20.01
27%
354 Chuck Hayes 4963 HOU,SAC,TOR C 13.03
27%
182 Dion Waiters 9553 CLE,OKC,MIA SG 22.37
27%
86 D.J. Augustin 15268 CHA,IND,CHI,TOR,DET,OKC,DEN,ORL PG 19.88
27%
104 Enes Freedom 13634 UTA,OKC,NYK,POR C 21.78
27%
233 Iman Shumpert 8024 NYK,CLE,HOU,SAC PG,SG 15.28
27%
462 Jakob Poeltl 2984 TOR,SAS C 12.70
27%
797 Jarvis Hayes 576 NJN SF 12.80
27%
444 Jonny Flynn 3208 MIN,HOU,POR PG 19.68
27%
357 Kelly Oubre Jr. 4882 WAS,PHO SF 15.75
27%
115 Marco Belinelli 13037 TOR,NOH,CHI,SAS,SAC,CHO,ATL,PHI SG,SF 16.44
27%
303 Nerlens Noel 5986 PHI,DAL,OKC C 19.63
27%
299 Norris Cole 6090 MIA,NOP,OKC PG 14.23
27%
897 Quinton Ross 300 DAL,WAS,NJN SF,SG 3.41
27%
300 Spencer Dinwiddie 6082 DET,BRK PG 23.48
27%
215 Terrence Ross 8578 TOR,ORL SG,SF 16.25
27%
270 Timofey Mozgov 6858 DEN,NYK,CLE,LAL,BRK C 13.88
27%
253 Alec Burks 7376 UTA,CLE,SAC SG 16.69
24%
718 Alex Caruso 865 LAL PG 13.95
24%
644 Anthony Bennett 1369 CLE,MIN,TOR,BRK PF 9.07
24%
122 Arron Afflalo 12749 DEN,ORL,POR,NYK,SAC SG,SF 20.17
24%
708 Charlie Bell 933 MIL,GSW SG 10.03
24%
229 Chris Kaman 8064 LAC,NOH,DAL,LAL,POR C 22.59
24%
159 DeMarre Carroll 10582 MEM,HOU,DEN,UTA,ATL,TOR,BRK SF,PF 17.18
24%
749 D.J. Wilson 723 MIL PF 9.27
24%
90 Ersan Ilyasova 14805 MIL,DET,ORL,ATL,OKC,PHI PF 20.36
24%
245 E'Twaun Moore 7700 BOS,ORL,CHI,NOP PG,SG 14.37
24%
194 Greivis Vasquez 9121 MEM,NOH,SAC,TOR,MIL,BRK PG 21.46
24%
289 Hedo Turkoglu 6315 TOR,ORL,PHO,LAC SF,PF 18.25
24%
963 Jamil Wilson 170 LAC SF 11.33
24%
611 Jordan Bell 1620 GSW C 10.32
24%
204 Kent Bazemore 8811 GSW,LAL,ATL SG,SF 16.81
24%
472 Kevon Looney 2827 GSW PF,C 11.49
24%
631 K.J. McDaniels 1481 HOU,PHI,BRK SG,SF 9.74
24%
396 Kris Dunn 3969 MIN,CHI PG 22.55
24%
336 Larry Nance Jr. 5271 LAL,CLE PF,C 18.89
24%
530 Luke Kennard 2193 DET SG 15.66
24%
637 Luke Walton 1435 LAL,CLE SF,PF 7.97
24%
588 Malik Monk 1778 CHO SG 13.07
24%
839 Michael Finley 413 BOS,SAS SF 6.45
24%
879 Mikki Moore 336 GSW C 11.20
24%
242 Nikola Mirotic 7815 CHI,NOP,MIL PF 21.77
24%
307 Nikola Pekovic 5901 MIN C 21.77
24%
593 OG Anunoby 1750 TOR SF 11.59
24%
627 Raja Bell 1506 CHA,GSW,UTA SG 13.94
24%
311 T.J. Warren 5799 PHO SF 22.22
24%
449 Troy Murphy 3142 IND,BOS,NJN,LAL,DAL PF 16.98
24%
968 Adam Morrison 162 LAL SF 4.91
22%
278 Anderson Varejao 6686 CLE,GSW PF,C 19.49
22%
321 Aron Baynes 5572 SAS,DET,BOS C 11.58
22%
326 Chris Andersen 5436 DEN,MIA,MEM,CLE PF,C 12.97
22%
234 C.J. Watson 7999 GSW,CHI,BRK,IND,ORL PG 14.84
22%
298 Dario Saric 6092 PHI,MIN PF 24.37
22%
702 David Andersen 948 HOU,NOH,TOR C,PF 9.20
22%
965 Davon Reed 165 PHO,IND SG 5.32
22%
782 Doron Lamb 615 MIL,ORL SG 6.15
22%
370 Earl Watson 4419 IND,UTA,POR PG 15.51
22%
974 Isaiah Hartenstein 154 HOU PF 5.13
22%
551 Ivica Zubac 2033 LAL,LAC C 14.12
22%
139 Jared Dudley 11628 PHO,LAC,MIL,WAS,BRK SF,SG,PF 15.73
22%
237 Jeremy Lamb 7934 OKC,CHO SF,SG 17.67
22%
346 Justise Winslow 5106 MIA SF,PF 20.59
22%
483 Kendall Marshall 2730 PHO,LAL,MIL,PHI PG 17.06
22%
193 Kris Humphries 9182 DAL,NJN,BRK,BOS,WAS,ATL,PHO PF 17.49
22%
518 Mehmet Okur 2294 UTA,NJN C 22.06
22%
244 Michael Kidd-Gilchrist 7711 CHA,CHO SF,PF 18.14
22%
343 Montrezl Harrell 5172 HOU,LAC PF,C 19.30
22%
129 Rodney Stuckey 12381 DET,IND PG,SG 23.72
22%
577 T.J. Ford 1859 IND,SAS PG 17.88
22%
284 T.J. McConnell 6473 PHI PG 19.44
22%
620 Willie Reed 1550 BRK,MIA,DET,LAC C 10.20
22%
729 Antoine Wright 814 TOR,SAC SF,SG 11.00
20%
364 Brandan Wright 4769 GSW,NJN,DAL,BOS,PHO,MEM,HOU PF,C 13.14
20%
153 Channing Frye 10920 PHO,ORL,CLE,LAL C,PF 16.62
20%
822 Christian Wood 482 PHI,CHO,MIL,NOP PF 9.45
20%
929 Chris Wright 233 GSW,MIL SF 7.28
20%
700 Danuel House Jr. 973 WAS,PHO,HOU SG,SF 13.90
20%
419 Delon Wright 3628 TOR,MEM PG 16.05
20%
907 Donte DiVincenzo 277 MIL SG 10.26
20%
255 Dorell Wright 7361 MIA,GSW,PHI,POR SF 17.20
20%
539 Dragan Bender 2119 PHO PF 12.39
20%
638 Eddie House 1434 BOS,NYK,MIA PG,SG 10.95
20%
260 Ian Mahinmi 7216 SAS,DAL,IND,WAS C 11.26
20%
287 Jared Sullinger 6349 BOS,TOR PF 22.76
20%
174 Jerryd Bayless 9960 POR,NOH,TOR,MEM,BOS,MIL,PHI,MIN SG,PG 17.75
20%
221 Jonas Jerebko 8360 DET,BOS,UTA,GSW PF 12.24
20%
934 Jonathan Bender 221 NYK SF 8.84
20%
692 Julian Wright 1013 NOH,TOR SF 8.44
20%
629 Kevin Huerter 1490 ATL SG 19.87
20%
210 Kosta Koufos 8659 UTA,DEN,MIN,MEM,SAC C 12.83
20%
394 Landry Fields 4027 NYK,TOR SG,SF 15.08
20%
400 Larry Sanders 3888 MIL,CLE C,PF 16.07
20%
226 Luc Mbah a Moute 8216 MIL,MIN,SAC,PHI,LAC,HOU PF,SF 12.92
20%
256 Omer Asık 7353 CHI,HOU,NOP C 14.47
20%
506 Pat Connaughton 2426 POR,MIL SG 9.94
20%
720 Ron Baker 858 NYK,WAS SG 8.94
20%
248 Trey Burke 7530 UTA,WAS,NYK,DAL PG 20.69
20%
323 Alonzo Gee 5479 WAS,CLE,SAS,DEN,POR,NOP SG,SF 13.11
18%
951 Chris Boucher 191 GSW,TOR PF 6.16
18%
484 Damien Wilkins 2700 MIN,ATL,DET,PHI,IND SF,SG 9.64
18%
651 Frank Mason III 1307 SAC PG 14.52
18%
623 Jan Vesely 1535 WAS,DEN PF 9.48
18%
259 John Henson 7237 MIL PF,C 17.27
18%
574 Jonathan Isaac 1866 ORL PF 17.44
18%
909 Lamar Patterson 270 ATL SG 6.14
18%
527 Marquis Daniels 2200 BOS,MIL SF,SG 9.73
18%
190 Mike Dunleavy Jr. 9320 IND,MIL,CHI,ATL,CLE SF,SG 17.96
18%
203 Omri Casspi 8817 SAC,CLE,HOU,MIN,NOP,GSW,MEM SF,PF 14.99
18%
183 Patrick Patterson 9465 HOU,SAC,TOR,OKC PF 14.15
18%
173 Randy Foye 9976 WAS,LAC,UTA,DEN,OKC,BRK PG,SG 16.97
18%
443 Reggie Bullock 3213 LAC,PHO,DET,LAL SF,SG 11.64
18%
501 Roger Mason 2483 SAS,NYK,WAS,NOH,MIA SG 9.55
18%
466 Rudy Fernandez 2948 POR,DEN SG 16.11
18%
467 Troy Daniels 2937 HOU,CHO,MIN,MEM,PHO SG 9.60
18%
521 Al Thornton 2266 LAC,WAS,GSW SF,PF 15.52
16%
171 Brandon Bass 10000 ORL,BOS,LAL,LAC PF 16.89
16%
881 Brian Scalabrine 334 BOS,CHI PF 3.37
16%
395 Caris LeVert 3984 BRK SF 23.03
16%
187 Cory Joseph 9396 SAS,TOR,IND PG,SG 15.40
16%
642 Hasheem Thabeet 1384 MEM,HOU,POR,OKC C 6.02
16%
415 James Ennis III 3683 MIA,MEM,NOP,DET,HOU,PHI SF 12.48
16%
661 Jerry Stackhouse 1217 MIL,MIA,ATL,BRK SG,SF 9.58
16%
292 Josh McRoberts 6265 IND,LAL,CHA,ORL,MIA,DAL C,PF 15.02
16%
224 Luke Ridnour 8237 MIL,MIN,CHA,ORL PG,SG 20.24
16%
199 Marcus Thornton 9001 NOH,SAC,BRK,BOS,PHO,HOU,WAS SG 18.26
16%
186 Marreese Speights 9431 PHI,MEM,CLE,GSW,LAC,ORL C,PF 13.81
16%
250 Maurice Harkless 7497 ORL,POR SF 14.76
16%
864 Moritz Wagner 364 LAL C 8.47
16%
119 Ramon Sessions 12803 MIN,CLE,LAL,CHA,MIL,SAC,WAS,CHO,NYK PG,SG 20.75
16%
262 Samuel Dalembert 7018 PHI,SAC,HOU,MIL,DAL,NYK C 17.81
16%
412 Shabazz Muhammad 3713 MIN,MIL SG,SF 13.17
16%
249 Steve Blake 7523 LAC,POR,LAL,GSW,DET PG 15.38
16%
404 Tomas Satoransky 3778 WAS SG,PG 16.72
16%
297 Toney Douglas 6145 NYK,HOU,SAC,GSW,MIA,NOP,MEM PG,SG 15.02
16%
569 Tyler Ennis 1878 MIL,PHO,HOU,LAL PG 10.04
16%
314 Tyler Hansbrough 5741 IND,TOR,CHO PF 12.16
16%
192 Will Barton 9221 POR,DEN SG,SF 20.09
16%
703 Adreian Payne 948 ATL,MIN,ORL PF 8.86
14%
441 A.J. Price 3238 IND,WAS,MIN,CLE,PHO PG,SG 11.99
14%
980 Alec Peters 147 PHO PF 7.35
14%
446 Alexis Ajinca 3165 CHA,DAL,TOR,NOP C 11.94
14%
322 Al Harrington 5559 NYK,DEN,ORL,WAS PF,C 20.44
14%
320 Allen Crabbe 5619 POR,BRK SG 15.57
14%
231 Andray Blatche 8051 WAS,BRK PF,C 23.34
14%
266 Anthony Morrow 6900 GSW,NJN,ATL,DAL,NOP,OKC,CHI SG 13.42
14%
505 Antonio McDyess 2426 SAS PF 14.61
14%
335 Ben McLemore 5280 SAC,MEM SG 14.35
14%
537 Cameron Payne 2130 OKC,CHI,CLE PG 12.99
14%
373 Corey Maggette 4272 GSW,MIL,CHA,DET PF,SF 22.84
14%
612 Daniel Theis 1617 BOS C 11.89
14%
532 Darko Milicic 2184 MIN,NYK,BOS C 16.67
14%
489 Davis Bertans 2636 SAS PF 10.85
14%
511 Denzel Valentine 2363 CHI SG 17.12
14%
389 Doug McDermott 4090 CHI,OKC,DAL,NYK,IND SF 11.62
14%
333 Drew Gooden 5294 DAL,LAC,MIL,WAS C,PF 17.65
14%
422 Ekpe Udoh 3611 GSW,MIL,LAC,UTA C,PF 9.03
14%
639 Erick Dampier 1413 DAL,MIA,ATL C 10.87
14%
534 Festus Ezeli 2178 GSW C 9.68
14%
344 Frank Kaminsky 5131 CHO C,PF 17.75
14%
954 Isaiah Hicks 186 NYK PF 8.86
14%
331 Jordan Farmar 5343 LAL,NJN,LAC,MEM,SAC PG 17.13
14%
714 Luke Kornet 906 NYK C 13.73
14%
401 Mario Hezonja 3878 ORL,NYK SF 14.00
14%
369 Matt Bonner 4572 SAS PF,C 9.05
14%
743 Matt Carroll 751 DAL,CHA SG 5.60
14%
302 Mike Scott 6009 ATL,WAS,LAC,PHI PF 12.42
14%
799 Morris Peterson 574 NOH,OKC SG 11.48
14%
195 Patrick Beverley 9070 HOU,LAC PG,SG 21.91
14%
263 Rodney Hood 7014 UTA,CLE,POR SG 19.27
14%
416 Ronnie Price 3641 UTA,PHO,POR,ORL,LAL PG,SG 10.29
14%
540 Royce O'Neale 2114 UTA SF 12.66
14%
495 Sasha Vujacic 2549 LAL,NJN,LAC,NYK SG 10.24
14%
957 Sheldon Mac 180 WAS SG 4.86
14%
251 Shelvin Mack 7409 WAS,ATL,PHI,UTA,ORL,CHO,MEM PG,SG 15.24
14%
151 Spencer Hawes 11152 SAC,PHI,CLE,LAC,CHO,MIL C,PF 19.56
14%
526 Steve Novak 2217 LAC,DAL,SAS,NYK,TOR,OKC,UTA,MIL SF,PF 6.43
14%
385 Trey Lyles 4161 UTA,DEN PF 14.20
14%
211 Wayne Ellington 8652 MIN,CLE,MEM,DAL,LAL,BRK,MIA,DET SG 13.19
14%
288 Willie Cauley-Stein 6318 SAC C 21.42
14%
528 Andris Biedrins 2195 GSW,UTA C 10.92
12%
465 Austin Daye 2953 DET,MEM,SAS,TOR,ATL SF 9.91
12%
178 Beno Udrih 9660 SAC,MIL,ORL,MEM,NYK,MIA,DET PG,SG 19.20
12%
806 Brian Cook 551 HOU,LAC,WAS PF 6.33
12%
474 Bryn Forbes 2797 SAS SG 13.01
12%
240 Carl Landry 7863 HOU,SAC,NOH,GSW,PHI PF 18.72
12%
603 Daequan Cook 1695 MIA,OKC,CHI,HOU SG 7.27
12%
482 Dante Exum 2754 UTA PG 12.46
12%
282 DeJuan Blair 6539 SAS,DAL,WAS PF,C 14.03
12%
809 Devonte' Graham 547 CHO PG 11.89
12%
304 Emmanuel Mudiay 5973 DEN,NYK PG 24.28
12%
787 Furkan Korkmaz 605 PHI SG 9.03
12%
676 Gary Forbes 1127 DEN,TOR SF,SG 10.06
12%
777 Hilton Armstrong 639 HOU,NOH,SAC,ATL,WAS,GSW C,PF 5.51
12%
693 Isaiah Taylor 1013 HOU,ATL PG 13.69
12%
582 JaKarr Sampson 1835 PHI,DEN,SAC,CHI SF 10.61
12%
643 Jeff Taylor Jr. 1377 CHA,CHO SF 10.43
12%
792 Jermaine Taylor 587 HOU,SAC SG 9.03
12%
176 J.J. Hickson 9779 CLE,POR,SAC,DEN,WAS PF,C 20.25
12%
239 Jodie Meeks 7881 MIL,PHI,LAL,DET,ORL,WAS,TOR SG 13.75
12%
725 Joey Graham 835 DEN,CLE SF 7.88
12%
678 Josh Okogie 1091 MIN SG 14.74
12%
615 Juancho Hernangomez 1601 DEN PF 9.88
12%
624 Kevin Knox 1529 NYK PF 20.39
12%
378 Kyle Singler 4226 DET,OKC SF 11.64
12%
594 Linas Kleiza 1748 TOR SF 16.19
12%
437 Lou Amundson 3291 PHO,GSW,IND,CHI,MIN,NOH,NOP,CLE,NYK PF 9.35
12%
406 Mike Muscala 3767 ATL,LAL,PHI PF,C 11.28
12%
933 Myke Henry 226 MEM SF 11.30
12%
428 Quincy Acy 3530 TOR,SAC,NYK,BRK,DAL,PHO PF,SF 10.47
12%
566 Quinn Cook 1897 DAL,NOP,GSW PG 12.24
12%
494 Ronny Turiaf 2566 GSW,NYK,MIA,WAS,LAC,MIN C 10.60
12%
740 Royal Ivey 763 MIL,PHI,OKC SG 4.54
12%
533 Sam Dekker 2182 HOU,LAC,CLE,WAS PF 10.70
12%
399 Shabazz Napier 3897 MIA,ORL,POR,BRK PG 13.08
12%
711 Stephen Graham 926 CHA,NJN SG 7.07
12%
630 Torrey Craig 1487 DEN SF 11.62
12%
684 Treveon Graham 1051 CHO,BRK SG 8.08
12%
872 Tyshawn Taylor 347 BRK PG 5.51
12%
477 Willy Hernangomez 2775 NYK,CHO C 15.59
12%
590 Xavier Henry 1764 MEM,NOH,LAL SG,SF 9.54
12%
476 Alexey Shved 2783 MIN,HOU,NYK,PHI SG 15.29
10%
463 Andrew Nicholson 2978 ORL,BRK,WAS PF 10.45
10%
989 Ben Hansbrough 136 IND PG 4.00
10%
377 Brendan Haywood 4227 DAL,WAS,CHA,CLE C 13.42
10%
487 Byron Mullens 2667 OKC,CHA,LAC,PHI PF,C 14.04
10%
585 Carlos Arroyo 1806 MIA,BOS PG 12.81
10%
332 Carlos Delfino 5325 MIL,HOU SF 20.72
10%
517 Cedi Osman 2304 CLE SF 15.26
10%
317 Chase Budinger 5662 HOU,MIN,IND,PHO SF 13.91
10%
459 Cole Aldrich 3008 OKC,HOU,SAC,NYK,LAC,MIN C 8.59
10%
516 Cristiano Felicio 2309 CHI C 10.59
10%
312 Darrell Arthur 5794 MEM,DEN PF,SF 12.73
10%
735 De'Anthony Melton 793 PHO PG 15.86
10%
983 Deonte Burton 146 OKC SG 4.17
10%
324 Dewayne Dedmon 5477 GSW,ORL,PHI,SAS,ATL C 15.13
10%
591 Earl Boykins 1755 WAS,MIL,HOU PG 13.30
10%
438 Francisco Garcia 3261 SAC,HOU SG,SF 12.21
10%
846 Guerschon Yabusele 400 BOS PF 4.44
10%
538 Henry Sims 2121 NOH,CLE,PHI,BRK C 15.71
10%
552 Jamaal Tinsley 2019 MEM,UTA PG 13.20
10%
626 James Posey 1508 NOH,IND SF 11.97
10%
560 Jared Jeffries 1949 HOU,NYK,POR SF,PF 9.84
10%
742 Jeremy Tyler 757 GSW,ATL,NYK C 7.28
10%
502 Jimmer Fredette 2448 SAC,CHI,NOP,NYK,PHO PG,SG 10.16
10%
715 Josh Childress 901 PHO,BRK,NOP SG,SF 8.50
10%
510 Keith Bogans 2366 SAS,CHI,NJN,BRK,BOS SF,SG 8.70
10%
659 Landry Shamet 1221 LAC,PHI SG 14.36
10%
699 Larry Hughes 976 CHA,NYK,ORL SG,PG 16.83
10%
575 Maxi Kleber 1863 DAL PF 13.03
10%
368 Mirza Teletovic 4574 BRK,PHO,MIL PF,SF 13.34
10%
765 Mo Bamba 680 ORL C 14.47
10%
513 Nenad Krstic 2343 OKC,BOS C 14.64
10%
380 Nik Stauskas 4205 SAC,PHI,BRK,CLE,POR SG 12.55
10%
397 Noah Vonleh 3934 CHO,POR,CHI,NYK PF 12.73
10%
632 Patrick McCaw 1479 GSW,CLE,TOR SG 7.83
10%
529 Raul Neto 2193 UTA PG 10.01
10%
453 Ryan Hollins 3102 MIN,CLE,BOS,LAC,SAC,MEM,WAS C,PF 7.51
10%
409 Shane Larkin 3732 DAL,NYK,BRK,BOS PG 13.87
10%
458 Tony Wroten 3023 MEM,PHI SG,PG 20.02
10%
548 Yi Jianlian 2048 NJN,WAS,DAL PF 14.03
10%
583 Aaron Gray 1812 CHI,NOH,TOR,SAC C 8.75
8%
744 Abdel Nader 749 BOS,OKC SF 6.09
8%
670 Allonzo Trier 1172 NYK SG 18.31
8%
228 Anthony Tolliver 8077 GSW,POR,MIN,ATL,CHA,DET,PHO,SAC PF,SF 12.28
8%
697 Charles Jenkins 992 GSW,PHI PG,SG 9.02
8%
338 Charlie Villanueva 5259 DET,DAL PF 13.45
8%
610 Chris Copeland 1648 NYK,IND,MIL PF,SF 8.58
8%
814 DeSagana Diop 514 CHA C 5.59
8%
888 Fabricio Oberto 324 WAS,POR C 5.23
8%
580 Frank Ntilikina 1842 NYK PG 15.22
8%
285 Garrett Temple 6433 HOU,SAC,SAS,CHA,MIL,WAS,LAC,MEM SG,PG,SF 11.91
8%
728 Hamed Haddadi 818 MEM,PHO C 5.64
8%
430 Isaiah Canaan 3477 HOU,PHI,CHI,PHO,MIL,MIN PG,SG 14.61
8%
812 Jamaal Magloire 523 MIA,TOR C 5.68
8%
635 John Jenkins 1447 ATL,DAL,PHO,NYK,WAS SG 8.08
8%
562 John Lucas III 1929 CHI,TOR,UTA,DET,MIN PG 10.32
8%
779 Josh Harrellson 628 NYK,MIA,DET PF,C 7.95
8%
898 Keita Bates-Diop 300 MIN SF 10.00
8%
290 Kyle O'Quinn 6311 ORL,NYK,IND C,PF 14.21
8%
341 Langston Galloway 5218 NYK,NOP,SAC,DET PG,SG 15.21
8%
315 Martell Webster 5737 POR,MIN,WAS SF 15.14
8%
486 Mickael Pietrus 2678 ORL,PHO,BOS,TOR SF,SG 11.80
8%
674 Milos Teodosic 1133 LAC PG 18.88
8%
671 Nando De Colo 1158 SAS,TOR SG,SF 9.26
8%
424 Pablo Prigioni 3588 NYK,HOU,LAC PG 11.84
8%
618 Pero Antic 1569 ATL C 11.62
8%
436 Quincy Pondexter 3300 NOH,MEM,NOP,CHI,SAS SF,SG 8.48
8%
431 Richaun Holmes 3470 PHI,PHO PF,C 15.15
8%
587 Robert Sacre 1801 LAL C 9.43
8%
492 Rodrigue Beaubois 2588 DAL PG 13.77
8%
960 Shake Milton 174 PHI SG 8.70
8%
906 Shawn Long 277 PHI C 15.39
8%
664 Sundiata Gaines 1196 UTA,MIN,NJN,TOR PG,SG 10.14
8%
543 Thon Maker 2089 MIL,DET C,PF 9.90
8%
337 Tony Snell 5267 CHI,MIL SG,SF 10.97
8%
507 Tyler Ulis 2425 PHO,CHI PG 18.23
8%
567 Archie Goodwin 1890 PHO,BRK,NOP SG,PG 11.45
6%
509 Boban Marjanovic 2380 SAS,DET,LAC,PHI C 11.67
6%
756 Bruno Caboclo 708 TOR,SAC,MEM SF,PF 10.26
6%
616 Cheick Diallo 1582 NOP PF 11.30
6%
447 Chris Duhon 3164 NYK,ORL,LAL PG 13.46
6%
850 Chucky Atkins 389 DET PG 9.73
6%
691 DeAndre Liggins 1015 ORL,OKC,MIA,CLE,DAL,MIL,NOP SF,SG 5.40
6%
741 Diante Garrett 758 PHO,UTA PG 8.42
6%
418 Donatas Motiejunas 3638 HOU,NOP,SAS PF 13.89
6%
512 Donte Greene 2349 SAC SF,PF 11.86
6%
798 Earl Barron 576 NYK,MIL,PHO,POR,GSW,WAS C 9.76
6%
558 Greg Stiemsma 1963 BOS,MIN,NOP,TOR C 8.80
6%
871 Hamidou Diallo 352 OKC SG 6.90
6%
783 Henry Ellenson 615 DET,NYK PF 8.09
6%
669 Jake Layman 1173 POR SF 7.82
6%
646 Jamario Moon 1363 CLE,LAC,CHA SF 9.81
6%
780 Jason Kapono 626 PHI,LAL SF,SG 5.80
6%
372 Jason Maxiell 4365 DET,ORL,CHO C,PF 11.96
6%
596 Jeff Ayres 1735 POR,IND,SAS,LAC C,PF 6.31
6%
254 John Salmons 7369 CHI,MIL,SAC,TOR,NOP SG,SF 18.99
6%
365 Jon Leuer 4702 MIL,CLE,MEM,PHO,DET PF,C 12.06
6%
757 Josh Boone 704 NJN PF 11.17
6%
939 Kelenna Azubuike 213 GSW,DAL SF,SG 16.38
6%
353 Kevin Seraphin 4976 WAS,NYK,IND PF,C 11.39
6%
946 Larry Drew II 197 PHI,NOP PG 8.95
6%
804 Lester Hudson 559 BOS,MEM,WAS,CLE,LAC PG,SG 8.73
6%
439 Luke Babbitt 3259 POR,NOP,MIA,ATL SF,PF 8.51
6%
461 Marquese Chriss 2992 PHO,CLE,HOU PF 15.19
6%
701 Rafer Alston 968 MIA,NJN PG 18.62
6%
544 Ryan Kelly 2078 LAL,ATL PF 12.75
6%
468 Sebastian Telfair 2925 CLE,LAC,MIN,PHO,TOR,OKC PG 13.60
6%
504 Sergio Rodriguez 2430 NYK,SAC,PHI PG 18.13
6%
660 Terrance Ferguson 1219 OKC SG 8.52
6%
818 Theo Ratliff 501 CHA,SAS,LAL C 7.83
6%
450 Travis Outlaw 3120 LAC,POR,NJN,SAC SF 12.19
6%
555 Vladimir Radmanovic 2004 CHA,GSW,ATL,CHI PF,SF 10.44
6%
776 Von Wafer 644 BOS,ORL SG 6.78
6%
435 Yogi Ferrell 3373 BRK,DAL,SAC PG,SG 16.95
6%
600 Andres Nocioni 1717 SAC,PHI SF 12.18
4%
673 Ante Zizic 1146 CLE C 11.58
4%
831 Arnett Moultrie 453 PHI PF 7.68
4%
345 Brandon Rush 5126 IND,GSW,UTA,MIN SG,SF 11.98
4%
791 Brian Cardinal 595 MIN,DAL PF,SF 4.25
4%
858 Chris Quinn 369 NJN,SAS,CLE PG,SG 5.05
4%
554 Chris Wilcox 2010 DET,BOS PF,C 11.04
4%
923 C.J. Wilcox 245 LAC,ORL SG 3.60
4%
820 Cleanthony Early 489 NYK SF 8.73
4%
859 Daniel Orton 369 ORL,OKC,PHI PF,C 6.71
4%
535 DeAndre' Bembry 2163 ATL SF,SG 14.82
4%
995 Dionte Christmas 130 PHO SF 4.19
4%
829 D.J. Mbenga 461 LAL,NOH C 4.70
4%
712 Dwayne Bacon 909 CHO SG 9.47
4%
755 Eduardo Najera 710 DAL,NJN,CHA PF 6.83
4%
434 Eric Maynor 3378 OKC,UTA,POR,PHI,WAS PG,SG 11.65
4%
851 Francisco Elson 388 MIL,PHI,UTA C 4.91
4%
811 Georges Niang 533 IND,UTA PF 5.55
4%
454 Hakim Warrick 3091 CHI,MIL,PHO,CHA,NOH PF 13.92
4%
721 Harry Giles 853 SAC PF 14.71
4%
769 Ime Udoka 665 SAC,SAS SG,SF 7.47
4%
681 Ivan Rabb 1077 MEM PF 12.67
4%
745 James Michael McAdoo 748 GSW,PHI PF 5.46
4%
557 Jannero Pargo 1975 CHI,ATL,CHA,WAS,CHO PG 10.34
4%
991 Jarell Eddie 136 WAS,PHO,BOS,CHI SF 4.00
4%
695 Jeff Foster 1002 IND C 11.39
4%
622 Jeff Withey 1537 NOP,UTA,DAL C 7.32
4%
732 Jeremy Pargo 801 MEM,CLE,PHI PG,SG 9.65
4%
705 Joel Przybilla 942 POR,CHA,MIL C 8.97
4%
680 Joey Dorsey 1082 HOU,SAC,TOR PF,C 8.14
4%
503 Joffrey Lauvergne 2433 DEN,CHI,OKC,SAS C,PF 11.48
4%
564 Johan Petro 1916 DEN,NJN,ATL C 8.91
4%
750 Jordan McRae 718 CLE,PHO,WAS PG,SG 8.16
4%
499 Keyon Dooling 2490 NJN,MIL,BOS,MEM PG,SG 11.32
4%
770 Kyrylo Fesenko 665 UTA,IND C 5.78
4%
685 Luther Head 1027 IND,SAC SG,PG 12.37
4%
592 Malcolm Delaney 1754 ATL PG 13.70
4%
710 Marcelo Huertas 927 LAL PG 12.20
4%
940 Marcus Banks 212 TOR PG 8.48
4%
382 Nemanja Bjelica 4198 MIN,SAC PF 15.32
4%
589 Nick Calathes 1772 MEM SG 12.84
4%
607 Phil Pressey 1682 BOS,PHI,PHO PG 11.21
4%
988 Rakeem Christmas 137 IND PF 4.57
4%
727 Rashad Vaughn 819 MIL,BRK,ORL SG 5.77
4%
958 Renaldo Balkman 179 DEN,NYK SF 5.11
4%
694 Rodions Kurucs 1003 BRK SF 14.97
4%
524 Rodney McGruder 2253 MIA SG 13.57
4%
668 Samardo Samuels 1173 CLE PF,C 10.76
4%
985 Sean Marks 141 NOH,POR C 3.28
4%
731 Sindarius Thornwell 804 LAC SG 5.70
4%
601 Skal Labissiere 1708 SAC,POR PF 14.47
4%
388 Tim Frazier 4113 PHI,POR,NOP,WAS,MIL PG 15.82
4%
760 T.J. Leaf 696 IND PF 6.16
4%
807 Travis Wear 547 NYK,LAL SF 8.04
4%
655 Tyler Dorsey 1252 ATL,MEM SG 12.04
4%
789 Victor Claver 599 POR SF 7.30
4%
863 Vitor Luiz Faverani 365 BOS C 9.86
4%
609 Wayne Selden 1662 MEM,NOP,CHI SG 12.78
4%
867 Andrew Goudelock 357 LAL,HOU SG,PG 6.16
2%
768 Ben Uzoh 668 NJN,CLE,TOR PG 11.13
2%
886 Brad Wanamaker 325 BOS PG 8.13
2%
902 Caleb Swanigan 294 POR,SAC PF 6.00
2%
969 Cameron Reynolds 160 MIN SG 8.42
2%
636 Chris Singleton 1442 WAS SF,PF 9.74
2%
781 Christian Eyenga 617 CLE,LAL SF 11.43
2%
899 Cory Higgins 298 CHA PG,SG 6.77
2%
832 DaJuan Summers 444 DET,NOH,LAC SF,PF 5.35
2%
739 Damjan Rudez 778 IND,MIN,ORL SF 5.33
2%
599 Damyean Dotson 1721 NYK SG 14.71
2%
785 Dan Gadzuric 607 MIL,GSW,NJN,NYK C,PF 7.31
2%
687 Darius Songaila 1021 NOH,PHI C 12.01
2%
546 David Nwaba 2066 LAL,CHI,CLE SG,SF 14.65
2%
926 Dexter Pittman 242 MIA,MEM,ATL C 4.57
2%
613 Dominic McGuire 1616 SAC,WAS,CHA,GSW,IND,NOH,TOR SF,PF 8.37
2%
456 Donald Sloan 3052 ATL,CLE,NOH,IND,BRK PG,SG 13.75
2%
793 Dwight Buycks 584 TOR,LAL,DET PG 11.92
2%
994 Edmond Sumner 132 IND PG 5.28
2%
746 Eric Moreland 746 SAC,DET,PHO,TOR PF 8.20
2%
857 Georgios Papagiannis 371 SAC,POR C 9.51
2%
595 Gustavo Ayon 1747 NOH,MIL,ORL,ATL PF,C 12.66
2%
880 Ike Diogu 335 LAC,SAS PF 8.82
2%
645 Isaiah Whitehead 1365 BRK PG 15.34
2%
716 James Singleton 889 DAL,WAS SF,PF 12.88
2%
993 Jarnell Stokes 133 MEM,MIA,DEN PF,C 4.75
2%
918 Jarvis Varnado 253 BOS,MIA,CHI,PHI PF 6.84
2%
992 Jerome Dyson 135 NOH PG 15.00
2%
658 Joel Freeland 1228 POR PF,C 7.58
2%
683 Johnny O'Bryant 1059 MIL,CHO,DEN PF 7.16
2%
709 Jon Brockman 932 SAC,MIL PF,C 6.21
2%
856 Jordan Mickey 371 BOS,MIA PF 5.46
2%
865 Jorge Gutierrez 363 BRK,MIL,CHO PG 6.85
2%
819 Josh Huestis 491 OKC PF 5.99
2%
953 Josh Magette 188 ATL PG 10.44
2%
970 J.R. Giddens 157 BOS,NYK SF 4.91
2%
875 Julyan Stone 346 DEN,TOR,CHO SG,PG 4.68
2%
827 Kay Felder 467 CLE,CHI,DET PG 8.05
2%
766 Kostas Papanikolaou 674 HOU,DEN SF 8.75
2%
876 Kyle Collinsworth 346 DAL SF 10.81
2%
657 Lucas Nogueira 1237 TOR C 8.03
2%
975 Maalik Wayns 153 LAC,PHI PG 5.28
2%
950 Malik Hairston 193 SAS SG 4.11
2%
979 Mickell Gladness 148 GSW,MIA PF 5.69
2%
747 Mindaugas Kuzminskas 729 NYK SF 10.57
2%
860 Miroslav Raduljica 369 MIL,MIN C 6.96
2%
823 Mitch McGary 479 OKC PF 9.21
2%
986 Mustafa Shakur 140 WAS,OKC PG 5.60
2%
675 P.J. Hairston 1131 CHO,MEM SG,SF 10.01
2%
738 Robbie Hummel 788 MIN SF 8.04
2%
737 Rodney Carney 789 PHI,GSW,MEM SG,SF 8.31
2%
625 Ryan Arcidiacono 1526 CHI PG 14.53
2%
473 Ryan Gomes 2804 MIN,LAC,OKC SF 14.84
2%
556 Salah Mejri 1993 DAL C 9.58
2%
663 Sasha Pavlovic 1213 MIN,BOS,DAL,NOH,POR SF,SG 6.19
2%
802 Semih Erden 564 BOS,CLE C 8.17
2%
723 Semi Ojeleye 839 BOS PF 5.52
2%
778 Sergey Karasev 637 CLE,BRK SF,SG 6.71
2%
990 Shayne Whittington 136 IND PF 5.04
2%
914 Svi Mykhailiuk 258 DET,LAL SF 6.14
2%
955 Theo Pinson 185 BRK SG 8.81
2%
605 Timothe Luwawu-Cabarrot 1689 PHI,CHI,OKC SF 9.88
2%
892 Toure' Murry 312 NYK,UTA,WAS PG,SG 5.57
2%
816 Trenton Hassell 510 NJN SF 9.81
2%
619 Alex Abrines 1554 OKC SG 8.40
0%
849 Alex Poythress 390 PHI,IND,ATL PF 7.50
0%
724 Alfonzo McKinnie 838 TOR,GSW SF 7.76
0%
719 Antonio Blakeney 861 CHI SG 11.33
0%
966 Axel Toupane 164 DEN,MIL,NOP SF 6.56
0%
773 Brandon Davies 651 PHI,BRK PF 8.35
0%
843 Briante Weber 408 MEM,MIA,CHO,GSW,HOU PG 8.68
0%
978 Bryce Cotton 149 UTA,MEM,PHO PG 6.48
0%
815 Chandler Hutchison 511 CHI SF 11.61
0%
852 Chris McCullough 385 BRK,WAS PF 6.53
0%
808 Darrun Hilliard 547 DET,SAS SG 6.01
0%
977 Derrick Caracter 152 LAL C 3.71
0%
817 Devin Ebanks 503 LAL SG,SF 6.99
0%
920 Devyn Marble 249 ORL SG 5.66
0%
762 Elie Okobo 695 PHO PG 13.11
0%
764 Eugene Jeter 680 SAC PG 10.97
0%
866 Furkan Aldemir 358 PHI PF 8.73
0%
911 Gal Mekel 266 DAL,NOP PG 7.60
0%
885 Gigi Datome 326 DET,BOS SF 5.62
0%
847 Isaiah Briscoe 397 ORL PG 10.18
0%
982 Jack Cooley 146 UTA,SAC C,PF 6.35
0%
971 Jamel Artis 156 ORL SG 10.40
0%
984 James Nunnally 143 ATL,PHI,HOU,MIN SF 5.11
0%
919 Jaron Blossomgame 253 CLE SF 9.37
0%
602 Jeff Adrien 1697 GSW,HOU,CHA,MIL,MIN PF 11.09
0%
873 Johnathan Motley 347 DAL,LAC PF 10.52
0%
810 Jonah Bolden 547 PHI PF 10.13
0%
956 Josh Selby 180 MEM PG 4.62
0%
679 Khem Birch 1086 ORL C 11.20
0%
932 Kim English 227 DET SG 5.54
0%
976 Kyle Weaver 152 OKC,UTA SG 8.44
0%
803 Luke Harangody 562 BOS,CLE PF 8.03
0%
944 Maurice Ndour 201 NYK PF 6.28
0%
948 Melvin Ely 194 DEN,NOP C 6.06
0%
870 Mickael Gelabale 352 MIN SF 9.78
0%
677 Nate Wolters 1124 MIL,NOP,UTA PG 13.38
0%
901 Nathan Jawai 295 MIN C 7.56
0%
861 Nicolas Brussino 367 DAL,ATL SG,SF 6.33
0%
996 Nicolas Laprovittola 130 SAS PG 7.22
0%
862 Oleksiy Pecherov 366 MIN C 8.32
0%
784 Omari Spellman 611 ATL PF 13.28
0%
690 Paul Zipser 1017 CHI SF 9.78
0%
981 Peyton Siva 146 DET SG 6.08
0%
884 Rasho Nesterovic 329 TOR C 7.83
0%
545 Ray McCallum 2068 SAC,MEM,SAS PG 13.43
0%
997 Ray Spalding 129 DAL,PHO PF 9.21
0%
945 Ricky Ledo 197 DAL,NYK SG 7.04
0%
967 Rodney Purvis 163 ORL SG 10.19
0%
904 Ryan Broekhoff 284 DAL SG 6.76
0%
491 Sean Kilpatrick 2603 MIN,BRK,DEN,CHI,LAC,MIL SG 16.58
0%
794 Semaj Christon 584 OKC PG 8.85
0%
531 Sonny Weems 2187 TOR,PHI,PHO SG,SF 12.79
0%
987 Tornike Shengelia 140 BRK,CHI SF 3.11
0%
848 Tyler Cavanaugh 396 ATL,UTA PF 7.92
0%
949 Viacheslav Kravtsov 194 DET,PHO C 4.31
0%
830 Wade Baldwin 455 MEM,POR PG 7.22
0%
938 Walt Lemon Jr. 215 NOP,CHI PG 19.55
0%
653 Wes Iwundu 1286 ORL SF 9.53
0%
927 Xavier Munford 241 MEM,MIL SG 10.04
0%
913 Zabian Dowdell 265 PHO PG 11.04
0%
No matching quizzes found
Score Distribution
Percent of People with Each Score
Percentile by Number Answered
Your Score History
You have not taken this quiz since the last reset